000 00707nab a22001937a 4500
999 _c6572
_d6572
003 OSt
005 20260225100457.0
008 190506c xxu||||| |||| 00| 0 spa d
040 _cPJ
100 _91398
_aBachiller, Sergio
245 1 0 _a60 años con el derecho del trabajo /
_cSergio Bachiller.
260 _aBuenos Aires :
_bAbeledoPerrot,
_c2024.
300 _ap. 3-6
500 _aCita: TR LALEY AR/DOC/3176/2024.
505 _t¿Te interesa el texto completo? Comunicate al correo: koha@justierradelfuego.gov.ar
650 0 _91316
_aDERECHO LABORAL
773 0 _02751
_93202
_dBuenos Aires : AbeledoPerrot, 2013-
_tRevista de derecho laboral y seguridad social. Nº 2 - Enero 2025
942 _2udc
_cANA